MARC

LEADER 00000nam0a2200000 4500
001 251216
005 20231101232633.0
010 |a 5020139181 
020 |a RU  |b 89-19966 
035 |a (RuTPU)RU\TPU\book\273482 
090 |a 251216 
100 |a 20140219d1989 k y0rusy5003 ca 
101 0 |a rus 
102 |a RU 
105 |a y z 001zy 
200 1 |a Формации алгебраических систем  |f Л. А. Шеметков, А. Н. Скиба 
210 |a Москва  |c Наука  |d 1989 
215 |a 256 с. 
225 1 |a Современ. алгебра 
320 |a Библиогр.: с. 241-249 (186 назв.). 
320 |a Предм. указ.: с. 252-253. 
606 1 |a Алгебра высшая  |2 stltpush  |3 (RuTPU)RU\TPU\subj\1729  |9 30432 
610 1 |a алгебраические системы 
610 1 |a формации 
610 1 |a многообразия 
675 |a 512.5  |z rus 
700 1 |a Шеметков  |b Л. А.  |g Леонид Александрович  |4 070 
701 1 |a Скиба  |b А. Н.  |g Александр Николаевич  |4 070 
801 0 |a RU  |b RuMRKP  |c 19950417  |g psbo 
801 1 |a RU  |b 63413507  |c 20140219 
801 2 |a RU  |b 63413507  |c 20140226  |g RCR 
942 |c BK